MARC details
| 000 -LEADER |
| campo de control de longitud fija |
03218cam a22004574a 4500 |
| 001 - NÚMERO DE CONTROL |
| campo de control |
55658 |
| 005 - FECHA Y HORA DE LA ÚLTIMA TRANSACCIÓN |
| campo de control |
20230410115539.0 |
| 008 - DATOS DE LONGITUD FIJA--INFORMACIÓN GENERAL |
| campo de control de longitud fija |
060518s2007 enka b 001 0 eng |
| 010 ## - NÚMERO DE CONTROL DE LA BIBLIOTECA DEL CONGRESO |
| Número de control de LC |
2006016552 |
| 035 ## - NÚMERO DE CONTROL DEL SISTEMA |
| Número de control de sistema |
(OCoLC)ocm69028273 |
| 040 ## - FUENTE DE CATALOGACIÓN |
| Centro catalogador/agencia de origen |
DLC |
| Centro/agencia transcriptor |
DLC |
| Centro/agencia modificador |
YDX |
| -- |
BAKER |
| -- |
UKM |
| -- |
BTCTA |
| -- |
YDXCP |
| -- |
COO |
| -- |
IXA |
| -- |
PUL |
| -- |
YBM |
| 015 ## - NÚMERO DE BIBLIOGRAFÍA NACIONAL |
| Número de bibliografía nacional |
GBA681959 |
| Fuente |
bnb |
| 016 7# - NÚMERO DE CONTROL DE UNA AGENCIA BIBLIOGRÁFICA NACIONAL |
| Número de control del registro |
013562855 |
| Fuente |
Uk |
| 020 ## - NÚMERO INTERNACIONAL ESTÁNDAR DEL LIBRO |
| Número Internacional Estándar del Libro |
0521871050 |
| 020 ## - NÚMERO INTERNACIONAL ESTÁNDAR DEL LIBRO |
| Número Internacional Estándar del Libro |
9780521871051 |
| 029 1# - OTRO NÚMERO DE CONTROL DE SISTEMA (OCLC) |
| Identificador de la biblioteca OCLC |
YDXCP |
| Número de control de sistema |
2457737 |
| 035 ## - NÚMERO DE CONTROL DEL SISTEMA |
| Número de control de sistema |
(OCoLC)69028273 |
| 042 ## - CÓDIGO DE AUTENTICACIÓN |
| Código de autenticación |
pcc |
| 050 14 - SIGNATURA TOPOGRÁFICA DE LA BIBLIOTECA DEL CONGRESO |
| Número de clasificación |
HD9650.5 |
| Número de ítem |
.G562 2007 |
| 082 00 - NÚMERO DE LA CLASIFICACIÓN DECIMAL DEWEY |
| Número de clasificación |
338.4/766 |
| Número de edición |
22 |
| 245 04 - MENCIÓN DEL TÍTULO |
| Título |
The global chemical industry in the age of the petrochemical revolution / |
| Mención de responsabilidad, etc. |
edited by Louis Galambos, Takashi Hikino, Vera Zamagni. |
| 260 ## - PUBLICACIÓN, DISTRIBUCIÓN, ETC. |
| Lugar de publicación, distribución, etc. |
Cambridge ; |
| -- |
New York : |
| Nombre del editor, distribuidor, etc. |
Cambridge University Press, |
| Fecha de publicación, distribución, etc. |
2007. |
| 300 ## - DESCRIPCIÓN FÍSICA |
| Extensión |
ix, 529 p. : |
| Otras características físicas |
ill. ; |
| Dimensiones |
24 cm. |
| 440 #0 - MENCIÓN DE SERIE/PUNTO DE ACCESO ADICIONAL--TÍTULO |
| Título |
Comparative perspectives in business history |
| 504 ## - NOTA DE BIBLIOGRAFÍA, ETC. |
| Nota de bibliografía, etc. |
Includes bibliographical references (p. 453-463) and index. |
| 505 0# - NOTA DE CONTENIDO CON FORMATO |
| Nota de contenido con formato |
I: Crosscutting issues -- 1. The evolution of networks in the chemical industry / Fabrizio Cesaroni, Alfonso Gambardella, and Muriam Mariani -- 2. Competitive strategies of the world's largest chemical companies, 1970-2000 / Harm G. Schrèoter -- 3. Financial systems and corporate strategy in the chemical industry / Marco Da Rin -- 4. Government environment policy and the chemical industry / Wyn Grant -- II: World players : leaders -- 5. The German chemical industry after World War II / Ulrich Wengenroth -- 6. The American chemical industry since the petrochemical revolution / John Kenly Smith, Jr. -- Competitors: 7. The export-dependence of the Swiss chemical industry and the internationalization of Swiss chemical firms (1950-2000) / Margrit Mèuller -- 8. Development patterns in the petrochemical industry in the Nordic countries, 1960-2000 / Gunnar Nerheim -- 9. Repositioning of European chemical groups and changes in innovation management: the case of the French chemical industry / Florence Chareu-Duboc -- 10. The United Kingdom / Wyn Grant -- 11. The development and struggle of Japanese chemical enterprises since the petrochemical revolution / Takashi Hikino -- European followers: 12. The rise and fall of the Italian chemical industry 1950s-1990s / Vera Zamagni -- 13. The global accommodation of a latecomer: the Spanish chemical industry since the petrochemical revolution / Nâuria Puig -- 14. Some final observations / Vera Zamagni and Louis Galambos. |
| 650 #0 - PUNTO DE ACCESO ADICIONAL DE MATERIA--TÉRMINO DE MATERIA |
| Término de materia o nombre geográfico como elemento de entrada |
Chemical industry. |
| 650 #0 - PUNTO DE ACCESO ADICIONAL DE MATERIA--TÉRMINO DE MATERIA |
| Término de materia o nombre geográfico como elemento de entrada |
Petroleum chemicals industry. |
| 700 1# - ENTRADA AGREGADA--NOMBRE PERSONAL |
| Nombre de persona |
Galambos, Louis. |
| 700 1# - ENTRADA AGREGADA--NOMBRE PERSONAL |
| Nombre de persona |
Hikino, Takashi. |
| 700 1# - ENTRADA AGREGADA--NOMBRE PERSONAL |
| Nombre de persona |
Zamagni, Vera. |
| 856 41 - LOCALIZACIÓN Y ACCESO ELECTRÓNICOS |
| Materiales especificados |
Table of contents only |
| Identificador Uniforme de Recursos |
<a href="http://www.loc.gov/catdir/toc/ecip0614/2006016552.html">http://www.loc.gov/catdir/toc/ecip0614/2006016552.html</a> |
| 856 42 - LOCALIZACIÓN Y ACCESO ELECTRÓNICOS |
| Materiales especificados |
Publisher description |
| Identificador Uniforme de Recursos |
<a href="http://www.loc.gov/catdir/enhancements/fy0659/2006016552-d.html">http://www.loc.gov/catdir/enhancements/fy0659/2006016552-d.html</a> |
| 856 42 - LOCALIZACIÓN Y ACCESO ELECTRÓNICOS |
| Materiales especificados |
Contributor biographical information |
| Identificador Uniforme de Recursos |
<a href="http://www.loc.gov/catdir/enhancements/fy0733/2006016552-b.html">http://www.loc.gov/catdir/enhancements/fy0733/2006016552-b.html</a> |
| 938 ## - |
| -- |
Baker and Taylor |
| -- |
BTCP |
| -- |
2006016552 |
| 938 ## - |
| -- |
YBP Library Services |
| -- |
YANK |
| -- |
2457737 |
| 938 ## - |
| -- |
Baker & Taylor |
| -- |
BKTY |
| -- |
85.00 |
| -- |
85.00 |
| -- |
0521871050 |
| -- |
0006824464 |
| -- |
active |
| 942 ## - ELEMENTOS DE ENTRADA SECUNDARIOS (KOHA) |
| Fuente del sistema de clasificación o colocación |
Clasificación de Library of Congress |
| Tipo de ítem Koha |
|
| 946 ## - PROCESAMIENTO DE INFORMACIÓN LOCAL (OCLC) |
| a |
clperez |
| 994 ## - |
| -- |
C0 |
| -- |
DRFGD |